|
|
|
|
| LEADER |
02430nam a2200685 a 4500 |
| 001 |
nkc20061702796 |
| 003 |
CZ PrNK |
| 005 |
20110428094627.0 |
| 007 |
ta |
| 008 |
061222s2006 xr e f 000 0dcze |
| 015 |
|
|
|a cnb001702796
|
| 020 |
|
|
|a 80-7266-252-X
|q (brož.) :
|c Kč 69,00
|
| 035 |
|
|
|a (OCoLC)124090822
|
| 040 |
|
|
|a OLA001
|b cze
|
| 043 |
|
|
|a e-xr---
|
| 045 |
|
|
|a x2x4
|
| 072 |
|
7 |
|a 27-5
|x Liturgie. Křesťanské umění a symbolika. Duchovní život
|2 Konspekt
|9 5
|
| 080 |
|
|
|a 272-726.6
|2 MRF
|
| 080 |
|
|
|a 27-789.34-055.2
|2 MRF
|
| 080 |
|
|
|a 27-789.34-1/-9
|2 MRF
|
| 080 |
|
|
|a 27-534.3
|2 MRF
|
| 080 |
|
|
|a 27-4
|2 MRF
|
| 080 |
|
|
|a 27-584.7
|2 MRF
|
| 080 |
|
|
|a 27-29
|2 MRF
|
| 080 |
|
|
|a (437.3)
|2 MRF
|
| 080 |
|
|
|a (035)
|2 MRF
|
| 080 |
|
|
|a (0:82-84)
|2 MRF
|
| 100 |
1 |
|
|a Graubner, Jan,
|d 1948-
|7 jn19990009829
|4 aut
|
| 245 |
1 |
0 |
|a Duchovní obnova s Aničkou /
|c Jan Graubner
|
| 250 |
|
|
|a Vyd. 1.
|
| 260 |
|
|
|a Olomouc :
|b Matice cyrilometodějská,
|c 2006
|
| 300 |
|
|
|a 69 s. ;
|c 15 cm
|
| 500 |
|
|
|a Chronologický přehled
|
| 504 |
|
|
|a Obsahuje bibliografické odkazy
|
| 600 |
1 |
7 |
|a Zelíková, Anna Marie,
|d 1924-1941
|7 jn20000728837
|2 czenas
|
| 648 |
|
4 |
|a 1924-1941
|
| 648 |
|
7 |
|a 20. století
|7 ch460558
|2 czenas
|
| 650 |
0 |
7 |
|a katoličtí laici
|7 ph138509
|z Česko
|y 20. století
|2 czenas
|
| 650 |
0 |
7 |
|a karmelitky
|7 ph121480
|z Česko
|y 20. století
|2 czenas
|
| 650 |
0 |
7 |
|a karmelitánská spiritualita
|7 ph139375
|2 czenas
|
| 650 |
0 |
7 |
|a křesťanská modlitba
|7 ph122103
|2 czenas
|
| 650 |
0 |
7 |
|a křesťanský život
|7 ph122132
|2 czenas
|
| 650 |
0 |
7 |
|a duchovní cvičení
|7 ph114371
|2 czenas
|
| 650 |
0 |
7 |
|a duchovní literatura
|7 ph114373
|z Česko
|y 20. století
|2 czenas
|
| 650 |
0 |
9 |
|a Catholic laity
|z Czechia
|y 20th century
|2 eczenas
|
| 650 |
0 |
9 |
|a Carmelite nuns
|z Czechia
|y 20th century
|2 eczenas
|
| 650 |
0 |
9 |
|a Carmelite spirituality
|2 eczenas
|
| 650 |
0 |
9 |
|a Christian prayer
|2 eczenas
|
| 650 |
0 |
9 |
|a Christian life
|2 eczenas
|
| 650 |
0 |
9 |
|a spiritual exercises
|2 eczenas
|
| 650 |
0 |
9 |
|a spiritual literature
|z Czechia
|y 20th century
|2 eczenas
|
| 655 |
|
7 |
|a příručky
|7 fd133209
|2 czenas
|
| 655 |
|
7 |
|a citáty
|7 fd131832
|2 czenas
|
| 655 |
|
9 |
|a handbooks and manuals
|2 eczenas
|
| 655 |
|
9 |
|a quotations
|2 eczenas
|
| 910 |
2 |
|
|a BOA001
|b 1-1180.663
|
| 990 |
|
|
|a BK
|
| 995 |
|
|
|a 01
|
| 991 |
|
|
|b 200702
|c NOV
|
| 996 |
6 |
|
|b 2610300870
|c 1-1180.663
|l MZK
|r Sklad / do 1 hodiny
|n 0
|p p.v.
|w 000839681
|u 000010
|a 1
|e BOA001
|j MZK50
|s P
|